Trouve le pilote de F1 (lettre G) - Statistiques

Statistiques générales
  • Ce quiz a été pris 34 fois
  • Le résultat moyen est 3 sur 6
Statistiques - réponses
Par images Réponse % Correct
Pierre Gasly
100%
Romain Grosjean
90%
Antonio Giovinazzi
69%
Esteban Gutiérrez
28%
Timo Glock
14%
Dan Gurney
7%
Aucun quiz correspondant
Distribution des résultats
% des personnes avec chaque résultat
Percentile par nombre de réponses
Votre historique - résultats
Vous n’avez pas pris ce quiz